000 00506nam a2200193Ia 4500
005 20240820112624.0
008 131103s9999 xx 000 0 und d
040 _aLoreto College
041 _aEnglish
082 _a824
_bBEL
100 _aBelloc, Hilaire
245 _aSelected essays
_cHilaire Belloc edited by J. B. Morton
260 _aHarmondsworth
_bPenguin Books
_c1958
300 _a237p.
650 _aEnglish essays
700 _aMorton, J. B.; ed.,ed.
850 _aLCBED
942 _cBK
999 _c29907
_d80386